Normal view MARC view

Entry Corporate Name

Number of records used in: 1

001 - CONTROL NUMBER

  • control field: 556114

003 - CONTROL NUMBER IDENTIFIER

  • control field: OSt

005 - DATE AND TIME OF LATEST TRANSACTION

  • control field: 20220930094719.0

008 - FIXED-LENGTH DATA ELEMENTS

  • fixed length control field: 220930|| aca||aabn | a|a d

040 ## - CATALOGING SOURCE

  • Original cataloging agency: OSt
  • Transcribing agency: OSt

110 ## - HEADING--CORPORATE NAME

  • Corporate name or jurisdiction name as entry element: दिल्ली विशवविद्यालय. संकाय कला. हिन्दी विभाग

670 ## - SOURCE DATA FOUND

  • Source citation: Work cat.: (OSt)887547: मिश्र, शशिभूषण, हिन्दी के नए विमर्श और भक्ति - साहित्य का पुनर्मूल्यांकन, 2010
Copyright @ Delhi University Library System